LIBRARY & INFORMATION CENTRE, KCAET, TAVANUR

ONLINE PUBLIC ACCESS CATALOGUE (OPAC)

Processes and materials of manufacture / (Record no. 7426)

MARC details
000 -LEADER
fixed length control field 00511cam a2200193ua 4500
020 ## - INTERNATIONAL STANDARD BOOK NUMBER
ISBN 0-87692-663-4
041 ## - LANGUAGE CODE
Language code of text/sound track or separate title eng
082 ## - DEWEY DECIMAL CLASSIFICATION NUMBER
Classification number 670
Item number LIN/PR
100 ## - MAIN ENTRY--AUTHOR NAME
Personal name Lindberg, Roy A .
245 ## - TITLE STATEMENT
Title Processes and materials of manufacture /
250 ## - EDITION STATEMENT
Edition statement 4 /
260 ## - PUBLICATION, DISTRIBUTION, ETC. (IMPRINT)
Place of publication New Delhi :
Name of publisher Prentice Hall of India Pvt Ltd. ,
Year of publication 1990.
300 ## - PHYSICAL DESCRIPTION
Number of Pages 864 ; .
942 ## - ADDED ENTRY ELEMENTS (KOHA)
Koha item type Books
Holdings
Withdrawn status Lost status Damaged status Home library Current library Date acquired Full call number Accession Number Koha item type
      KAUAET KAUAET 07/04/2012 670 18368 Books
      KAUAET KAUAET 07/04/2012 670 21755 Books
free website counter